Geology of clays : weathering, sedimentology, geochemistry (Record no. 3639)

MARC details
000 -LEADER
fixed length control field 00408nam a2200121 4500
082 ## - DEWEY DECIMAL CLASSIFICATION NUMBER
Classification number 551.61
Item number MIL
100 ## - MAIN ENTRY--PERSONAL NAME
Personal name Millot, Georges
245 ## - TITLE STATEMENT
Title Geology of clays : weathering, sedimentology, geochemistry
Statement of responsibility, etc. by Georges Millot ; translated by W R Farrand and Helene Paquet
260 ## - PUBLICATION, DISTRIBUTION, ETC.
Place of publication, distribution, etc. Newyork
Name of publisher, distributor, etc. Springer Verlag
Date of publication, distribution, etc. 1970
300 ## - PHYSICAL DESCRIPTION
Extent xvi,429p. , 2plates. ; 25cm
710 ## - ADDED ENTRY--CORPORATE NAME
Corporate name or jurisdiction name as entry element Farrand, W. R.
710 ## - ADDED ENTRY--CORPORATE NAME
Corporate name or jurisdiction name as entry element Paquet, Helene
Holdings
Withdrawn status Lost status Damaged status Not for loan Collection code Home library Current library Date acquired Total Checkouts Full call number Barcode Date last seen Price effective from Koha item type
        GEOGRAPHY & YAMUNACHARYA North Eastern Hill University North Eastern Hill University 24/11/2011   551.61 MIL B2400 24/11/2011 24/11/2011 Books